000 00459 a2200169 4500
001 002531
003 OSt
005 20220201124213.0
008
082 _a004.6
_bF74D
100 1 _aForouzan, Behrouz A.
245 1 _aData communications and networking
_cby Behrouz A. Forouzan
260 _aNew Delhi
_bMcGraw Hill
_c2010
300 _a1134p.
653 _aComputer networks; Data transmission systems
942 _2ddc
_cBK
999 _c95
_d95